ბათუმის შოთა რუსთაველის სახელმწიფო უნივერსიტეტის ბიბლიოთეკა

ტყეთმოწყობა. ნ.II. ტყის მეურნეობის და ტყეთმოწყობის ორგანიზაცია. (ბიბ.ჩანაწერი № 35282)

000 -LEADER
fixed length control field 00844nam a2200229Ia 4500
001 - CONTROL NUMBER
control field 1131
003 - CONTROL NUMBER IDENTIFIER
control field GE_BSU
008 - FIXED-LENGTH DATA ELEMENTS--GENERAL INFORMATION
fixed length control field 181216s||||||||xx |||||||||||||| ||und||
040 ## - CATALOGING SOURCE
Transcribing agency GE_BSU
080 ## - UNIVERSAL DECIMAL CLASSIFICATION NUMBER
Universal Decimal Classification number 630
100 ## - MAIN ENTRY--PERSONAL NAME
Personal name მარგველაშვილი, ნ.
245 ## - TITLE STATEMENT
Title ტყეთმოწყობა. ნ.II. ტყის მეურნეობის და ტყეთმოწყობის ორგანიზაცია.
260 ## - PUBLICATION, DISTRIBUTION, ETC.
Place of publication, distribution, etc. თბილისი
260 ## - PUBLICATION, DISTRIBUTION, ETC.
Name of publisher, distributor, etc. ცოდნა
260 ## - PUBLICATION, DISTRIBUTION, ETC.
Date of publication, distribution, etc. 1961
300 ## - PHYSICAL DESCRIPTION
Extent 374 გვ. 21 სმ.
653 ## - INDEX TERM--UNCONTROLLED
Uncontrolled term ტყეთმოწყობა
653 ## - INDEX TERM--UNCONTROLLED
Uncontrolled term ტყის მეურნეობის და ტყეთმოწყობის ორგანიზაცია.
653 ## - INDEX TERM--UNCONTROLLED
Uncontrolled term ტყის მოწყობა
942 ## - ADDED ENTRY ELEMENTS (KOHA)
Koha item type წიგნი
ეგზემპლარები
Withdrawn status Lost status Damaged status Not for loan Date acquired Barcode Date last seen Price effective from Koha item type
        2018-12-17 2790 2018-12-17 2018-12-17 წიგნი